00281nam a2200097Ia 4500008004100000041000800041082001500049100001500064245006900079260003500148221007s9999 xx 000 0 und d aeng a158.1bCAN aCanfield J 4aThe Success Principles : Seven Steps to accelerate... want to be bWestland PublicationsaChennai